| 000 | 00789cam a2200253 4500 | ||
|---|---|---|---|
| 001 | M1574 | ||
| 008 | 090401t1993 xxu||||| |||| 00| 0 eng d | ||
| 035 | _a(Sirsi) u32978 | ||
| 041 | _aeng | ||
| 050 | _a333.3320973 | ||
| 110 |
_aAppraisal Institute _92987 |
||
| 245 | _aAppraisal Institute: Directory of Members 1993. | ||
| 260 |
_aChicago _bAppraisal Institute _c1993 |
||
| 300 | _axxvi,537p. ; 30cm. | ||
| 350 | _a0 | ||
| 520 | _aThe Appraisal Institute was formed in 1991 through the amalgamation of the American Institute of Real Estate Appraisers and the Society of Real Estate Appraisers. | ||
| 650 | _aDIRECTORIES | ||
| 650 | _aPROPERTY | ||
| 650 | _aREAL ESTATE | ||
| 650 |
_aValuation _96273 |
||
| 690 | _aRATING AND VALUATION | ||
| 942 | _n0 | ||
| 948 | _c04/03/1997 | ||
| 999 |
_c89769 _d89769 |
||